000 00981nas a2200325 i 4500
001 2700
003 ES-MaACL
005 20250802062534.0
007 t|
008 980219d19771977ve s| pss | ||pa d
080 _a(87)
080 _a05
080 _a82
130 3 _aEl Cojo ilustrado.
_9145211
245 1 3 _aEl Cojo ilustrado /
_cdirector, Manuel Revenga.
250 _aReimp.
260 _aCaracas :
_bEmar,
_c[1977]
300 _a44 v. :
_bil., fot. ;
_c32 cm.
310 _aQuincenal
362 1 _aN. 1 (1 en. 1892) - n. 559 (1 abril 1915)
534 _pReproducción de la ed. de:
_cCaracas : Empresa El Cojo, 1892-1915.
555 _aÍndice general de grabados y textos: v. 44.
594 _aColaboran: Amado Nervo, Rubén Darío...
650 1 4 _aRevistas de información general.
_916896
650 7 _aLiteratura
_2embne
_9141583
700 1 _aRevenga, Manuel.
_9145209
852 _aES-MaACL
_jHem-504
866 0 _o1892-1915
999 _c2700
_d2700